000 00455nam a22001577a 4500
005 20251108172807.0
008 250721s1950 xx 000 0 ara d
082 1 4 _a031.1/ا
100 1 _aأبي الفرج الأصفهاني،
245 1 0 _aكتاب الأغاني /
264 1 _aالقاهرة :
_bدار الكتب المصرية،
_c1950.
300 _aج13
650 1 7 _aالموسوعات العربية
942 _2ddc
_cBK
999 _c88652
_d88652